000841446 001__ 841446 000841446 005__ 20260204083704.0 000841446 0247_ $$2ISSN$$a2524-8782 000841446 0247_ $$2ISSN$$a2524-8790 000841446 0247_ $$2doi$$a10.1007/s35746-021-0423-5 000841446 037__ $$aRWTH-2022-01735 000841446 041__ $$aGerman 000841446 082__ $$a380 000841446 1001_ $$0P:(DE-82)IDM03933$$aKöller, Sven$$b0$$urwth 000841446 245__ $$aAuslegung einer elektrischen Antriebsachse für einen schweren Lkw$$honline, print 000841446 260__ $$aWiesbaden$$bSpringer Automotive Media$$c2021 000841446 3367_ $$00$$2EndNote$$aJournal Article 000841446 3367_ $$0PUB:(DE-HGF)16$$2PUB:(DE-HGF)$$aJournal Article$$bjournal$$mjournal 000841446 3367_ $$2BibTeX$$aARTICLE 000841446 3367_ $$2DRIVER$$aarticle 000841446 3367_ $$2DataCite$$aOutput Types/Journal article 000841446 3367_ $$2ORCID$$aJOURNAL_ARTICLE 000841446 500__ $$aISSN 2524-8782; 2524-8790 (Online) 000841446 588__ $$aDataset connected to CrossRef, Journals: publications.rwth-aachen.de 000841446 591__ $$aGermany 000841446 653_7 $$aGear 000841446 653_7 $$aGetriebe 000841446 653_7 $$aGetriebetechnik 000841446 653_7 $$aVerzahnung 000841446 653_7 $$aZahnrad 000841446 653_7 $$aZahnradauslegung 000841446 653_7 $$aZahnräder 000841446 7001_ $$0P:(DE-82)794558$$aUerlich, Roland$$b1$$urwth 000841446 7001_ $$0P:(DE-82)IDM03797$$aWestphal, Christian Michael$$b2$$urwth 000841446 7001_ $$0P:(DE-82)767042$$aFranck, Marius$$b3$$urwth 000841446 773__ $$0PERI:(DE-600)2965141-4$$a10.1007/s35746-021-0423-5$$n2$$p20-25$$tATZheavy duty$$v14$$x2524-8790$$y2021 000841446 909CO $$ooai:publications.rwth-aachen.de:841446$$pVDB 000841446 9101_ $$0I:(DE-588b)36225-6$$6P:(DE-82)IDM03933$$aRWTH Aachen$$b0$$kRWTH 000841446 9101_ $$0I:(DE-588b)36225-6$$6P:(DE-82)794558$$aRWTH Aachen$$b1$$kRWTH 000841446 9101_ $$0I:(DE-588b)36225-6$$6P:(DE-82)IDM03797$$aRWTH Aachen$$b2$$kRWTH 000841446 9101_ $$0I:(DE-588b)36225-6$$6P:(DE-82)767042$$aRWTH Aachen$$b3$$kRWTH 000841446 9151_ $$0StatID:(DE-HGF)0021$$2StatID$$aNo peer reviewed article$$x0 000841446 9201_ $$0I:(DE-82)417200_20140620$$k417200$$lWerkzeugmaschinenlabor WZL der RWTH Aachen$$x0 000841446 9201_ $$0I:(DE-82)417310_20140620$$k417310$$lLehrstuhl für Werkzeugmaschinen$$x1 000841446 9201_ $$0I:(DE-82)414110_20140620$$k414110$$lLehrstuhl und Institut für Kraftfahrzeuge (ika)$$x2 000841446 9201_ $$0I:(DE-82)614410_20140620$$k614410$$lLehrstuhl für Elektromagnetische Energiewandlung und Institut für Elektrische Maschinen$$x3 000841446 961__ $$c2022-02-14T15:37:29.944719$$x2022-02-14T15:37:29.944719$$z2022-02-15 000841446 980__ $$aI:(DE-82)414110_20140620 000841446 980__ $$aI:(DE-82)417200_20140620 000841446 980__ $$aI:(DE-82)417310_20140620 000841446 980__ $$aI:(DE-82)614410_20140620 000841446 980__ $$aUNRESTRICTED 000841446 980__ $$aVDB 000841446 980__ $$ajournal